| 000 | 00606nam a2200193Ia 4500 | ||
|---|---|---|---|
| 008 | 140321s9999 xx 000 0 und d | ||
| 020 | _a9781133490715 | ||
| 050 |
_aRJ 499 _b.K214 2013 |
||
| 100 | _aKearney, Christopher A. | ||
| 245 |
_aCasebook in child behavior disorders / _cChristopher A. Kearney. |
||
| 250 | _a5th ed. | ||
| 260 |
_aCalifornia : _bWadsworth Cengage Learning, _cc2013. |
||
| 300 |
_a209 p. : _bill. ; _c24 cm. |
||
| 500 | _aIncludes bibliographic references and index. | ||
| 521 | _aEDUC | ||
| 650 |
_aChild psychopathology _xCase studies. |
||
| 942 |
_kFOR _cBK |
||
| 999 |
_c48605 _d48605 |
||